01839cam a22003495a 45000010009000000050017000090080041000260100017000670200025000840200026001090400028001350820022001632450182001852600054003673000037004215000025004585040032004835200412005155900010009276500058009376500028009956510010010236530025010336550024010587000043010827000044011257000037011699420008012069990017012149520129012319520129013601624577020161219102409.0100521s2011 paua frb 001 0 eng d a 2010021052 a9781609600945 (hbk.) a9781609600969 (ebook) aDLCcDLCbengdEG-ScBUE04a303.4833222bTEC00aTechnology for facilitating humanity and combating social deviations :binterdisciplinary perspectives /cMiguel Vargas Martin, Miguel A. Garcia-Ruiz, Arthur Edwards, [editors]. aHershey:bInformation Science Reference,cc.2011. axxviii, 324 p. :bill. ;c29 cm. aIndex : p. 321-324.  aBibliography : p. 280-312.  a"This book presents socio-technical approaches to support the prevention, mitigation, and elimination of social deviations with the help of computer science and technology, providing historical backgrounds, experimental studies, and future perspectives on the use of computing tools to prevent and deal with physical, psychological and social problems that impact society as a whole"--Provided by publisher. aSAMEH 7aInformation technologyxSocial aspects.2BUEsh937778 7aSocial problems.2BUEsh 2BUEsh bCOMSCIcDecember2016 vReading book9342321 aVargas Martin, Miguel,d1973-eeditor.1 aGarcia-Ruiz, Miguel A.,d1970-eeditor.1 aEdwards, Arthur,d1957-eeditor. 2ddc c23617d23589 00102ddc40708BaccahaMAINbMAINc1STd2016-12-19ePurchaseg2650.00l0o303.4833 TECp000045247r2025-07-15 00:00:00yBB 00102ddc40708BaccahaMAINbMAINc1STd2016-12-19ePurchaseg2650.00l0o303.4833 TECp000045248r2025-07-15 00:00:00yBB